000 00473nam a22001577a 4500
082 _a624.18341
_bREY
_cL-19, P-24
100 _aReynolds, Chas. E.
_926903
245 _aReinforced concrete designer's handbook
_cChas. E. Reynolds
250 _a6th
260 _aLondon
_bConcrete Publications Limited
_c1964
300 _avi, 362 p. :
526 _a0
_b0
_c0
_d624_183410000000000_REY
526 _a0
_b0
_c0
_d624_183410000000000_REY
650 _aMCE
_9379
942 _2ddc
_cBK
999 _c547051
_d547051